000
00293cam a22001097a 4500
008
180718b1995 xxu||||| |||| 00| 0 eng d
100
_a
Sharan
245
_a
Indira Gandhi: vyaktitv avam krititv (Hindi)
_c
by Sharan
260
_a
Delhi
_b
Adhunik
_c
1995
300
_a
240p.
650
_a
Indira Gandhi
999
_c
405874
_d
405874